[Event "Europe Echecs online op April"]
[Site "Europe Echecs INT"]
[Date "2020.04.11"]
[Round "4"]
[White "Labeyrie, Vincent"]
[Black "Mayaud, Maxence"]
[Result "1-0"]
[WhiteElo "1958"]
[BlackElo "1794"]
[PlyCount "133"]
[EventDate "2020.04.11"]
[EventType "swiss (blitz)"]
[EventRounds "11"]
[EventCountry "FRA"]
[SourceTitle "EXT 2021"]
[Source "ChessBase"]
[SourceDate "2020.10.23"]
[SourceVersion "1"]
[SourceVersionDate "2020.10.23"]
[SourceQuality "1"]

1. e4 d5 2. exd5 Qxd5 3. Nc3 Qa5 4. d4 c6 5. Bd2 Nf6 6. Bc4 Bf5 7. Nf3 e6 8. Qe2 Bb4 9. a3 Nbd7 10. 0-0 Bxc3 11. Bxc3 Qc7 12. Ne5 Nxe5 13. dxe5 Nd5 14. Bd2 0-0 15. Bb3 h6 16. c4 Nb6 17. Bc3 Rfd8 18. Rad1 Rxd1 19. Rxd1 Rd8 20. h3 Rxd1+ 21. Qxd1 Qd7 22. Qxd7 Nxd7 23. Bd4 a6 24. Bd1 Bd3 25. b3 Kf8 26. f3 Ke7 27. Kf2 c5 28. Be3 b6 29. f4 Be4 30. g4 Kd8 31. Bd2 Kc7 32. Ke3 Bg2 33. h4 g6 34. Be1 Nb8 35. b4 Nc6 36. bxc5 bxc5 37. Bg3 Na5 38. Be2 Nc6 39. f5 gxf5 40. gxf5 exf5 41. e6+ Kd8 42. exf7 Ke7 43. f8Q+ Kxf8 44. Bd6+ Kf7 45. Bxc5 Ke6 46. Kf4 Bh3 47. Bf3 Ne7 48. Be3 Ng6+ 49. Kg3 f4+ 50. Bxf4 Nxf4 51. Kxf4 Bf1 52. Bd5+ Kd6 53. Kf5 Bd3+ 54. Kf6 Kc5 55. h5 Bxc4 56. Bxc4 Kxc4 57. Kg6 Kb3 58. Kxh6 Kxa3 59. Kg6 a5 60. h6 a4 61. h7 Kb2 62. h8Q+ Ka2 63. Qc3 a3 64. Qc2+ Ka1 65. Qc1+ Ka2 66. Kf5 Kb3 67. Qa1 1-0

[Event "Europe Echecs online op April"]
[Site "Europe Echecs INT"]
[Date "2020.04.11"]
[Round "11"]
[White "Mayaud, Maxence"]
[Black "De Seroux, Camille"]
[Result "1-0"]
[WhiteElo "1794"]
[BlackElo "2171"]
[PlyCount "93"]
[EventDate "2020.04.11"]
[EventType "swiss (blitz)"]
[EventRounds "11"]
[EventCountry "FRA"]
[SourceTitle "EXT 2021"]
[Source "ChessBase"]
[SourceDate "2020.10.23"]
[SourceVersion "1"]
[SourceVersionDate "2020.10.23"]
[SourceQuality "1"]

1. d4 Nf6 2. Bg5 d5 3. Bxf6 gxf6 4. c4 c5 5. dxc5 d4 6. e3 dxe3 7. Qxd8+ Kxd8 8. fxe3 e5 9. Nc3 Bxc5 10. 0-0-0+ Ke8 11. Nd5 Nd7 12. e4 Kf8 13. Nf3 Kg7 14. Nh4 Nb6 15. Be2 Bf2 16. Nf3 Be6 17. Rhf1 Bc5 18. Kb1 Rac8 19. Bd3 Rhd8 20. Nh4 Bxd5 21. exd5 Nd7 22. Nf5+ Kh8 23. Rf3 Re8 24. Be4 Bf8 25. b3 Nc5 26. Re1 Nxe4 27. Rxe4 Rc5 28. Ne3 a5 29. Rxf6 Rc7 30. a4 Bg7 31. Rb6 Rd7 32. Nf5 Bf8 33. Kc2 Rc8 34. Kd3 Kg8 35. h4 Bb4 36. h5 Kh8 37. g4 Rg8 38. Rf6 Rg5 39. Rxe5 Ba3 40. Re8+ Rg8 41. Rxg8+ Kxg8 42. h6 Kf8 43. Rb6 Bb2 44. Ke4 Bc1 45. c5 Ba3 46. c6 Rc7 47. cxb7 1-0

[Event "Europe Echecs online op April"]
[Site "Europe Echecs INT"]
[Date "2020.04.11"]
[Round "3"]
[White "Mayaud, Maxence"]
[Black "Stephan, Victor"]
[Result "0-1"]
[WhiteElo "1794"]
[BlackElo "2431"]
[PlyCount "88"]
[EventDate "2020.04.11"]
[EventType "swiss (blitz)"]
[EventRounds "11"]
[EventCountry "FRA"]
[SourceTitle "EXT 2021"]
[Source "ChessBase"]
[SourceDate "2020.10.23"]
[SourceVersion "1"]
[SourceVersionDate "2020.10.23"]
[SourceQuality "1"]

1. d4 Nf6 2. Bg5 Ne4 3. Bf4 d5 4. e3 Bf5 5. Bd3 e6 6. Nf3 Bd6 7. 0-0 Bxf4 8. exf4 0-0 9. Qe2 c5 10. dxc5 Nd7 11. Nd4 Ndxc5 12. Nxf5 exf5 13. Nd2 Re8 14. Qd1 Qb6 15. Nb3 g6 16. Nxc5 Qxc5 17. c3 Rad8 18. Qc2 Re7 19. Rad1 Rde8 20. Qb3 b6 21. Qb5 Nf6 22. g3 Ng4 23. Qxc5 bxc5 24. Bb5 Rb8 25. a4 Nf6 26. Rfe1 Re4 27. f3 Re6 28. Re5 Rd6 29. Rd2 Kg7 30. Kg2 Rdb6 31. Ree2 c4 32. Re7 a6 33. Bd7 Rxb2 34. Rxb2 Rxb2+ 35. Kh3 Rb7 36. g4 Rxd7 37. Re5 fxg4+ 38. fxg4 Ne4 39. f5 gxf5 40. gxf5 Nxc3 41. Kg4 Kf6 42. Re1 d4 43. Kf4 d3 44. Ke3 d2 0-1